000 00539cam a22002171 4500
001 ne 66001845
003 DLC
005 20260227111827.0
008 881028s1965 xx 000 0 ara
010 _ane 66001845
035 _a(OCoLC)23500199
040 _aDLC
_cMiU
_dDLC
042 _apremarc
050 0 0 _aPJ7846.A9
_bZ7
100 1 _aNāṣif, Muṣṭafá
245 1 0 _aRamz al-ṭifl.
260 _c1965.
300 _a328 p.
_c20 cm.
500 _aRomanized.
600 1 0 _aMāzinī, Ibrāhīm ʻAbd al-Qādir,
_d1889-1949.
999 _c49186
_d49186